Tolkien Character to Country - Statistics

General Stats
  • This quiz has been taken 184 times
  • The average score is 9 of 10
Answer Stats
Character Country % Correct
Sauron Mordor
98%
Eowyn Rohan
97%
Bilbo Baggins The Shire
97%
Boromir Gondor
95%
Arwen Rivendell
95%
Treebeard Fangorn
93%
Saruman Isengard
92%
Durin the Deathless Khazad-dûm / Moria
88%
Legolas Woodland Realm of the Northern Mirkwood
81%
Gimli Ered Luin / Blue mountains
42%
No matching quizzes found
Score Distribution
Percent of People with Each Score
Percentile by Number Answered
Your Score History
You have not taken this quiz